Quizzes
Events
Quiz Creation
Community
Videos
Private Events
Remove Ads
Sign In
Join for FREE
Feedback
Dark Mode
Quiz Categories
Sports
Geography
Music
Movies
Television
Just For Fun
Miscellaneous
History
Literature
Language
Science
Gaming
Entertainment
Religion
Holiday
For Kids
Quiz Lab
Recent
Popular Today
Quiz Kudos Today
Editor Picks
Curator Picks
Quizzes by...
Day
Popularity
Type
Ratings
Length
Year
Community
Subscriptions
Recent Discussions
Orange Saloon
Badges
Playlists
Quests
Create
Leaderboards
Showdown
Live 5
Trivia Bingo
Activity
Puzzle Library
Sporcle Events
Private Events
Virtual Trivia
Globe League
Become a Host
Pub Owners
SporcleCon
Opinionation
Our Games
Videos
Blog
Mobile Apps
Partnerships
Remove Ads and Go Orange
Feedback
Sports
Athletes
MLB
NBA
NHL
NFL
Soccer
Sports Teams
WWE
NCAA
Football
Premier League
Basketball
Baseball
Hockey
Golf
Tennis
Cricket
Rugby
Auto Racing
Olympics
World Cup
Sports
Athletes
MLB
NBA
NHL
NFL
Soccer
Sports Teams
WWE
NCAA
Football
Premier League
Basketball
Baseball
Hockey
Golf
Tennis
Cricket
Rugby
Auto Racing
Olympics
World Cup
Random Quiz
Search Sporcle
×
Quiz Lab
Quiz Lab
Sports
2017
Type in answers that appear in a list
Type in answers that appear in a list
Classic
Best Score? Go Orange.
Premireship Managers 2017 Stats
Name all the current 2017 Premireship managers
By
TrixNFR
10m
20 Questions
12 Plays
12 Plays
12 Plays
Comments
Comments
Give Quiz Kudos
Give Quiz Kudos
-
- Ratings
hide this ad
More Info
Replay
Link that replays current quiz
Next Quiz
Link to next quiz in quiz playlist
You Got
0%
They Got
Avg Score
85%
Avg Friend Score
Upgrade to see
Score Distribution
Jump to the score distribution portion of the page
Score
0/20
Timer
10:00
0
Plays Today
Hint
Answer
% Correct
Arsenal
Arsene Wenger
100%
Bournemouth
Eddie Howe
100%
Chelsea
Antonio Conte
100%
Everton
Ronald Koeman
100%
Liverpool
Jurgen Klopp
100%
Manchester City
Josep Guardiola
100%
Manchester United
Jose Mourinho
100%
West Bromich Albion
Tony Pulis
100%
Southampton
Claude Puel
91.7%
Stoke City
Mark Hughes
91.7%
Hint
Answer
% Correct
Sunderland
David Moyes
91.7%
West Ham United
Slaven Bilic
91.7%
Burnley
Sean Dyche
83.3%
Crystal Palace
Sam Allardyce
83.3%
Leicester City
Craig Shakespeare
75%
Tottenham Hotspur
Mauricio Pochettino
75%
Middlesbrough
Aitor Karanka
66.7%
Swansea City
Paul Clement
58.3%
Hull City
Marco Silva
50%
Watford
Walter Mazzarri
50%
Quiz Playlist
Details
Report
Send in Message
Add To Playlist
More Info:
Can you name all 20 of the English Premier League's managers as of the 7th of March 2017
Classic:
Type in answers that appear in a list
Last Updated: Mar 7, 2017
Quiz Scoreboard
CHALLENGE
Sign Up to Join the Scoreboard
Show All
Scores
Hide
Comments
May contain spoilers
Recently Published
Billboard Blitz: Fleetwood Mac
by CooCooCachoo
Music
15s
Presidents Visiting Landmarks
by Hejman
History
7m
An Introduction to Baseball
by treessimontrees
Sports
5m
More to Explore
Quiz From the Vault
Featured Blog Post
Where Did the Easter Bunny Come From?
hide this ad
You Might Also Like...
Tags
2017
Manager
Today's Top Quizzes in Sports
Browse Sports
hide this ad
Today's Top Quizzes in 2017
Browse 2017
Top Contributed Quizzes in Sports
1
Les meilleurs buteurs des matchs entre le PSG et l’OM
2
2022 World Cup Stars
3
FIFA Club World Cup Champions
4
Les entraîneurs de l'OM et du PSG au 21e siècle
5
Criteria MLB: Left Handed Sluggers
6
Name the Premier League winners with different clubs
7
5-to-1: UK Sports Teams
8
AFC Teams Reveal (Wrong Answers Minefield)
9
Players with Multiple 50 Home Run Seasons
10
5-to-1: FBS Animal Nicknames
Explore More
Trending Topics
Marvel
Harry Potter
Crossword
Anime
Kpop
Disney
NBA
Puzzle
NFL
Soccer
Song
WWE
Pokémon
Country
The Office
hide this ad
More By:
TrixNFR
Quiz
Plays
Rating
Category
Featured
Created
UEFA Euro Winners
1,275
4.00
Sports
Mar 29, 2017
Still Game Characters
826
Television
Feb 21, 2019
FIFA Balon D'Or Winners
661
3.00
Sports
Mar 6, 2017
Rangers FC Managers
329
1.00
Sports
Mar 7, 2017
Money In The Bank Cash Ins
322
3.00
Sports
Mar 22, 2017
Go to Creator's Profile
Score Distribution
Quiz Creator Spotlight
TrixNFR
Follow
Send a Message
Quizzes Created
-
Created Quiz Play Count
-
More By This Creator
Popular Quizzes Today
1
Find the US States - No Outlines Minefield
2
Find the Countries of Europe - No Outlines Minefield
3
The Countries of the World
4
Find the US States
5
US States
6
Popular People in 1961
7
Risky Map Clicking: Biggest States A-Z
8
Movies - When Are They Set?
More Sports Quizzes
International Footballers: Discover the Dutch V
Quiz Lab
Trending Quizzes
Risky Map Clicking: Least Populous States A-Z
1-10 Letter G Words
1-10 Letter F Words
Risky Map Clicking: Next State Alphabetically
Risky Map Clicking: Biggest States A-Z
Recently Updated
Leaping Animals
pecheneg
Reality TV Shows (A-Z)
bhenderson79
Rickey Henderson's Hall of Fame Teammates
pecheneg
Champions League XIs: Arsenal
pecheneg
Quick Pick: Celebrities in WWE's Hall of Fame
aduchscher
A-Z Keypad Blitz II
pecheneg
Multiple Oscar Actors
pecheneg
Mystery Phrase Blitz: Oscar 'Best Actors'
pecheneg
F. Scott Fitzgerald Novels
LTH
Pick 3 Villains
ddd62291
Trending Topics
Anime
Crossword
Harry Potter
Disney
Marvel
Kpop
NBA
Pokémon
The Office
Soccer
Song
Country
NFL
WWE
Puzzle
Your Account Isn't Verified!
In order to create a playlist on Sporcle, you need to verify the email address you used during registration. Go to your
Sporcle Settings
to finish the process.
Report this User
Report this user for behavior that violates our
Community Guidelines
.
Details:
Send Report
Go to the Sporcle.com Mobile Site →
Comments